000 00803nam a2200229 a 4500
001 000011594
005 20240530073912.0
008 091021t2005 dr 001 j spa d
020 _a9993449318
040 _aDO-SdBNP
_bspa
_cBNPHU
082 _aRD863.44
_bA185p
100 1 _aAcosta Polanco, José Alberto,
_d1964-
_924339
245 1 0 _aPerdidos en Babilonia /
_cJosé Acosta.
260 _aSanto Domingo :
_bSecretaría de Estado de Cultura,
_bNacional,
_c2005.
300 _a196 p. ;
_c23 cm.
500 _aIncluye datos de biográficos del autor en las solapas.
586 _aPremio anual de novela Manuel de Jesús Galván, 2005
590 _aInventariado, 2019 / DG
650 0 _aNovela dominicana
_9223
650 0 _aLiteratura dominicana.
_967
910 _aValidado. Control de calidad EMS.
999 _c11289
_d11289